| 000 | 00704nam a2200193 a 4500 | ||
|---|---|---|---|
| 005 | 20210219160418.0 | ||
| 008 | 081107s1989 mx r 000 0 spa d | ||
| 035 | _aUPN01000165207 | ||
| 049 | _aUNE | ||
| 080 | _a37:331- 053.2 (5)=40 BUR No.28. | ||
| 100 | 1 | _aBurra, Neera | |
| 245 | 1 | 3 |
_aLe Travail des enfants et l'éducation : _bproblèmes mis en lumière par l'experiencede certains pays en développement d'Asie / _cNeera Burra. |
| 260 |
_aParis : _bUNESCO ; _aNew York : _bUNICEF, _c1989. |
||
| 300 | _avi, 121 p. | ||
| 440 | 2 | _aL'Enfant, la Famille, la Communauté ; 28 | |
| 500 | _aPrograma de cooperación UNESCO-UNICEF | ||
| 690 | _aNiños que trabajan- Educacion- Asia | ||
| 905 | _aUNESCO | ||
| 999 |
_c137319 _d137319 |
||